000 00562nam a2200193 a 4500
003 BD-RjUL
005 20240123141918.0
008 2401 s1954 enk 000 0 eng d
035 _a(BD-RjUL)
040 _aTAU
_beng
_cBD-RjUL
041 _aeng
082 _221
_a823.8
_bHAT 1954
100 1 _aHardy, Evelyn
_911067
245 1 0 _aThomas Hardy :
_ba Critical biography /
_cEvelyn Hardy
260 _aLondon :
_bThe Hogarth,
_c1954
300 _aix, 382 p., [7] leaves of plates :
_bill.
_c23 cm
600 1 4 _aHardy, Thomas,
_d1840-1928
_910797
942 _2ddc
_cBK
999 _c82749
_d82749